Reforming financial systems : (Registro nro. 1448)
[ vista simple ]
| 000 -LEADER | |
|---|---|
| fixed length control field | 00707cam a2200217 i 4500 |
| 001 - CONTROL NUMBER | |
| control field | 1448 |
| 003 - CONTROL NUMBER IDENTIFIER | |
| control field | Mx-PuUPA |
| 005 - DATE AND TIME OF LATEST TRANSACTION | |
| control field | 20250617112345.0 |
| 008 - FIXED-LENGTH DATA ELEMENTS--GENERAL INFORMATION | |
| fixed length control field | 140415s1991 gr 000 0 eng d |
| 020 ## - INTERNATIONAL STANDARD BOOK NUMBER | |
| International Standard Book Number | 0313281009 |
| 040 ## - CATALOGING SOURCE | |
| Original cataloging agency | Mx-PuUPA |
| Language of cataloging | spa |
| Transcribing agency | Mx-PuUPA |
| Modifying agency | Mx-PuUPA |
| Description conventions | rda |
| 041 ## - LANGUAGE CODE | |
| Language code of text/sound track or separate title | eng |
| 245 10 - TITLE STATEMENT | |
| Title | Reforming financial systems : |
| Remainder of title | policy change and privatization / |
| Statement of responsibility, etc. | Neal S. Zank, Jonn A Mathieson [y otros tres] |
| 264 #1 - PRODUCTION, PUBLICATION, DISTRIBUTION, MANUFACTURE, AND COPYRIGHT NOTICE | |
| Place of production, publication, distribution, manufacture | Westport, Connecticut : |
| Name of producer, publisher, distributor, manufacturer | Greenwood Press, |
| Date of production, publication, distribution, manufacture, or copyright notice | 1991 |
| 300 ## - PHYSICAL DESCRIPTION | |
| Extent | 160 páginas : |
| Other physical details | ilustraciones ; |
| Dimensions | 24 cm |
| 336 ## - CONTENT TYPE | |
| Fuente | rdacontent |
| Content type term | texto |
| Content type code | txt |
| 337 ## - MEDIA TYPE | |
| Source | rdamedia |
| Media type term | sin medio |
| Media type code | n |
| 338 ## - CARRIER TYPE | |
| Source | rdacarrier |
| Carrier type term | volumen |
| Carrier type code | nc |
| 942 ## - ADDED ENTRY ELEMENTS (KOHA) | |
| Source of classification or shelving scheme | Dewey Decimal Classification |
| Koha item type | Libro |
| Classification part | xx |
| Item part | xx |
| Withdrawn status | Lost status | Source of classification or shelving scheme | Damaged status | Not for loan | Collection code | Home library | Current library | Shelving location | Date acquired | Source of acquisition | Total Checkouts | Full call number | Barcode | Price effective from | Koha item type |
|---|---|---|---|---|---|---|---|---|---|---|---|---|---|---|---|
| Dewey Decimal Classification | En catalogación | General | Biblioteca Karol Wojtyla | Biblioteca Karol Wojtyla | Procesos técnicos | 03/12/2013 | Donación | xx | 48263 | 03/12/2013 | Libro |